Joaquín Balaguer : (Registro nro. 13937)

Detalles MARC
000 -LEADER
fixed length control field 01113nam a2200289 a 4500
001 - CONTROL NUMBER
control field
003 - CONTROL NUMBER IDENTIFIER
control field DO-SdBNP
005 - DATE AND TIME OF LATEST TRANSACTION
control field 20220113080615.0
008 - FIXED-LENGTH DATA ELEMENTS--GENERAL INFORMATION
fixed length control field 111107s2011 dr 000 0 spa d
020 ## - INTERNATIONAL STANDARD BOOK NUMBER
International Standard Book Number 9789993446132
040 ## - CATALOGING SOURCE
Original cataloging agency DO-SdBNP
Language of cataloging spa
Transcribing agency BPMSU
082 ## - DEWEY DECIMAL CLASSIFICATION NUMBER
Classification number 923.17293
Item number B171E 2011
Edition number 22
100 1# - MAIN ENTRY--PERSONAL NAME
Personal name Encarnación Jimenez, Pedro
245 10 - TITLE STATEMENT
Title Joaquín Balaguer :
Remainder of title del exilio a la presidencia, documentos y entrevistas 1961-1966 /
Statement of responsibility, etc. Pedro Encarnación Jimenez.
260 ## - PUBLICATION, DISTRIBUTION, ETC. (IMPRINT)
Place of publication, distribution, etc. Santo Domingo :
Name of publisher, distributor, etc. Fundación Joaquín Balaguer,
Date of publication, distribution, etc. 2011.
300 ## - PHYSICAL DESCRIPTION
Extent 453 p. ; :
Other physical details il., retrs. ;
Dimensions 23 cm.
500 ## - GENERAL NOTE
General note Incluye índice
500 ## - GENERAL NOTE
General note Incluye datos biográficos del autor en la solapa de la cubierta
500 ## - GENERAL NOTE
General note Incluye referencias bibliográficas y notas al pie de las páginas
590 ## - LOCAL NOTE (RLIN)
Local note Inventariado, 2022/VM
600 14 - SUBJECT ADDED ENTRY--PERSONAL NAME
Personal name Balaguer, Joaquín,
Dates associated with a name 1906-2002
9 (RLIN) 2
651 #4 - SUBJECT ADDED ENTRY--GEOGRAPHIC NAME
Geographic name República Dominicana
General subdivision Política y gobierno
Chronological subdivision 1961-1966
651 14 - SUBJECT ADDED ENTRY--GEOGRAPHIC NAME
Geographic name República Dominicana
General subdivision Historia
Chronological subdivision 1961-1966
710 2# - ADDED ENTRY--CORPORATE NAME
Corporate name or jurisdiction name as entry element Fundación Joaquín Balaguer (República Dominicana)
910 ## - USER-OPTION DATA (OCLC)
User-option data VMateo V.
942 ## - ADDED ENTRY ELEMENTS (KOHA)
Source of classification or shelving scheme Dewey Decimal Classification
Koha item type Mapas
Existencias
Withdrawn status Lost status Source of classification or shelving scheme Damaged status Not for loan Collection code Home library Current library Date acquired Coded location qualifier Full call number Barcode Date last seen Price effective from Koha item type Source of acquisition Copy number
    Dewey Decimal Classification     Colección Dominicana Biblioteca Pública Metropolitana Salomé Ureña Biblioteca Pública Metropolitana Salomé Ureña 01/13/2022 Fundación BPMSU CD 923.17293 B171E 2011 BPMSU22010011 01/13/2022 01/13/2022 Mapas    
    Dewey Decimal Classification     Colección Dominicana Biblioteca Pública Metropolitana Salomé Ureña Biblioteca Pública Metropolitana Salomé Ureña 01/13/2022 BPMSU CD 923.17293 B171E 2011 BPMSU22010012 01/13/2022 01/13/2022 Mapas Fundación Joaquín Balaguer e.2